Código Civil.

Uloženo v:
Podrobná bibliografie
Hlavní autor: Barrientos Grandon, Javier (autor)
Médium: Neznámo
Jazyk:angličtina
Vydáno: Santiago, Chile: Thomson Reuters, 2022
Vydání:Edición Estudiantil. Vigésima segunda edición. Actualizada al 3 de enero de 2022.
Témata:
On-line přístup:Disponible Online en Thomson Proview
Tagy: Přidat tag
Žádné tagy, Buďte první, kdo vytvoří štítek k tomuto záznamu!

MARC

LEADER 00000 a2200000 4500
003 CL-VaPUC
005 20230831170010.0
008 220329b2022 ||||| |||| 00| 0 eng d
999 |c 435172  |d 435170 
020 |a 978-956-400-243-9 
040 |c Pontificia Universidad Católica de Valparaíso 
082 7 |a 346.83 BAR 2022  |2 22 
100 1 |a Barrientos Grandon, Javier.  |9 814192  |e autor 
245 1 |a Código Civil. 
250 |a Edición Estudiantil. Vigésima segunda edición. Actualizada al 3 de enero de 2022. 
260 |a Santiago, Chile:  |b Thomson Reuters,  |c 2022 
300 |a 585 páginas 
505 |a Anotaciones y Concordancias. Títulos de artículos 
583 |k Catalogador Asistente  |c 20220329 
650 0 |a Código civil  |9 256135  |z Chile 
650 0 |a Derecho civil chileno  |9 320612 
856 |u https://pucv.idm.oclc.org/login?url=https://proview.thomsonreuters.com/library.html?sponsor=IPPUCV-2  |y Disponible Online en Thomson Proview 
942 |2 ddc  |c BK 
952 |0 0  |1 0  |2 ddc  |4 0  |6 346_830000000000000_BAR_2022  |7 0  |8 R  |9 582216  |a BIBDER  |b BIBDER  |d 2022-03-29  |e 31  |g 0.00  |i 5650416  |l 90  |m 4  |o 346.83 BAR 2022  |p 5650416  |q 2025-12-31  |r 2022-09-15  |s 2022-09-15  |t 1  |v 0.00  |w 2022-03-29  |y BK_R  |k DER